01001nam a2200277 a 450000100060000000300080000600500170001400800410003102000150007202000220008703500200010904000320012904100080016108200250016924500810019426000800027530000330035549000400038850001130042850400510054165000160059265000210060870000280062970000260065783000400068357335BD-RjUL20211209080509.0081216r20001992enka b 001 0 eng  a080398670X a0803986718 (pbk.) a(BD-RjUL) 57459 aDLCcDLCdDLCdBD-RjULbeng aeng 223a302.23bJOU 200000aJournalism and popular culture /cedited by Peter Dahlgren and Colin Sparks. aLondon ;aNewbury Park, Calif. :bSAGE Publications,c1992 [Reprinted 2000] avi, 210 p. :bill. ;c24 cm.1 aThe Media, culture & society series aSelected papers presented at a colloquium organized in May 1990 at the Inter-University Centre in Dubrovnik. aIncludes bibliographical references and index. 0aJournalism. 0aPopular culture.1 aDahlgren, Peter,d1946-1 aSparks, Colin,d1947- 0aMedia, culture, and society series.